Регионална библиотека "Любен Каравелов" - Русе

Physiologie du gout (Запис номер 391297)

MARC детайли
000 -Лидер
Контролно поле с фиксирана дължина nam a22 a 4500
003 - Код на организацията, давaща контролен номер
Контролно поле BLK
005 - Дата и час на последна редакция
Контролно поле 20201105103606.0
008 - Елементи от данни с фиксирана дължина
fixed length control field 201105b bu ||||| |||| 00| 0 bu d
040 ## - Източник на каталожния запис
Идентификатор на билиотеката - собственик на записа BLK
041 ## - Код за език
Код за езика на текст/звукозапис или на отделно заглавие Френски
Код за езика КДБФ Френски
080 ## - УДК
Текстов определител УДК Приготвяне на храната. Кулинария
УДК код - определител по УДК 641.5
УДК - код + определител 641.5
080 ## - УДК
Текстов определител УДК Френска литература
УДК код - определител по УДК 821.133.1
УДК - код + определител 821.133.1
100 ## - Редна дума - Автор
R(LIN) 1299
Автор Brillat-Savarin, Jean Anthelme
Авторска отговорност първи автор
245 ## - Сведения за заглавието
Заглавие Physiologie du gout
Подзаглавни данни T. 1 -
Редно поле (дума) Jean Anthelme Brillat-Savarin
Том T. 2
260 ## - Област на издателските данни
9 (RLIN) 217674
Място на издаване, разпространение и проч. Paris
Име на издателя, разпространителя и проч. Libr. de la Bibliotheque Nationale
Година на издаване 1882
300 ## - Физическа характеристика
Размери/Мащаб 13 см
380 ## - Жанр
Жанр Техника
490 ## - СЕРИИ (Колекции)
9 (RLIN) 206365
Име на серия Collection des meilleurs auteurs anciens et modernes
490 ## - СЕРИИ (Колекции)
9 (RLIN) 435080
Име на серия Колекция Редки и ценни издания
650 #7 - Допълнително описание по предмет – тема
9 (RLIN) 159807
Основно описание – тема или топоним Кулинария
653 #7 - Ключова дума – ненормативна
9 (RLIN) 183885
Ключова дума гастрономия
653 #7 - Ключова дума – ненормативна
9 (RLIN) 199576
Ключова дума френска литература
760 ## - Описание на основната серия
Страници - том 191 с.
Част - том T. 2
852 ## - Местоположение
Форматна сигнатура Рф 881
Фондова буква Редки и ценни
999 ## - СИСТЕМНИ КОНТРОЛНИ НОМЕРА
Koha biblionumber 391297
Koha biblioitemnumber 391297
942 ## - АРТИКУЛИ
Вид на библиотечния материал Книги
Скрит в OPAC Не
Периодичен библиозапис Да
944 ## - СЪЗДАВАНЕ И РЕДАКЦИЯ на ЗАПИСА
Създаване/Редакция Създаване
Дата на регистрацията/редакция 2020-11-05
Служител, извършил регистрацията/редакцията ВЙ
999 ## - СИСТЕМНИ КОНТРОЛНИ НОМЕРА
Koha biblioitemnumber 391296
Наличности
Код за отписване Код за изгубен артикул Източник на класификационната схема Код за повреда Коз за рестрикции Код за отдаване Артикулен № Име на библиотеката - собственик Име на библиотеката, в която се намира в момента Статус (Текущо местоположение) Дата на вписване в системата Местоположение - отдел Цена в лева Систематично азбучна сигнатура Баркод Цена в евро Служебен тип на артикула
  Не е изгубен Universal Decimal Classification Не е повреден само за читалня Специални фондове ( старопечатни, редки и ценни, фонд М. Арнаудов) 804757 Регионална библиотека "Любен Каравелов" Русе Регионална библиотека "Любен Каравелов" Русе Редки и ценни 2020-11-05 Редки и ценни 9.00 Рф 881 120000849534 4.60 Книги
Vip Innovations Ltd, Rousse, Bulgaria 2025